Meghdud D Sanda many (Record no. 4663)

MARC details
000 -LEADER
fixed length control field 00364nam a22001577a 4500
005 - DATE AND TIME OF LATEST TRANSACTION
control field 20160629124239.0
008 - FIXED-LENGTH DATA ELEMENTS--GENERAL INFORMATION
fixed length control field 160629b xxu||||| |||| 00| 0 eng d
041 ## - LANGUAGE CODE
Language code of text/sound track or separate title eng
082 ## - DEWEY DECIMAL CLASSIFICATION NUMBER
Item number 11028
100 ## - MAIN ENTRY--AUTHOR NAME
Personal name Chakarwarty, S.N.
245 ## - TITLE STATEMENT
Title Meghdud D Sanda many
260 ## - PUBLICATION, DISTRIBUTION, ETC. (IMPRINT)
Name of publisher Sanskrit Rewtak Bharti
300 ## - PHYSICAL DESCRIPTION
Number of Pages 380
650 ## - SUBJECT ADDED ENTRY--TOPICAL TERM
Topical Term Management
942 ## - ADDED ENTRY ELEMENTS (KOHA)
Koha item type Books
Holdings
Lost status Damaged status Home library Date acquired Cost, normal purchase price Full call number Accession Number Koha item type
    JRU Library 29/06/2016 190.00 11028 11028 Books